Zgadnij miasto po logo przewoźnika komunikacji miejskiej - Statystyki

Ogólne statystyki
  • Ten quiz został rozwiązany 34 razy
  • Średni wynik to 6 z 20
Statystyki odpowiedzi
Obrazkowy Odpowiedź % Poprawnych
Warszawa
97%
Kraków
80%
Poznań
70%
Wrocław
67%
Łódź
60%
Kielce
47%
Lublin
30%
Toruń
30%
Sosnowiec
27%
Gorzów Wielkopolski
23%
Gdynia
17%
Legnica
17%
Elbląg
10%
Koszalin
10%
Radom
10%
Białystok
7%
Kędzierzyn-Koźle
7%
Gniezno
3%
Piła
3%
Chojnice
0%
Nie znaleziono quizów pasujących do podanych kryteriów
Rozkład punktacji
Procent ludzi z każdym wynikiem
Percentyl według liczby udzielonych odpowiedzi
Twoja historia wyników
Nie rozwiązałeś tego quizu